000 00850nam a2200241 a 4500
999 _c770
_d770
001 770
003 BD-JhCC
005 20190725134016.0
008 171009s2009 bg a|||| |||| 000 0 ben d
020 _a9847015600747
035 _a(BD-JhCC) 770
040 _aBD-JhCC
_dBD-JhCC
041 _aben
082 _a305.80095414
_bCHU 2009
_223
100 _aচৌধুরী, আবদুল মমিন
245 _aপ্রাচীন বাংলার ইতিহাস ও সংস্কৃতি /
_cআবদুল মমিন চৌধুরী,
260 _aঢাকা :
_bমাওলা ব্রাদার্স,
_c২০০৯.
300 _a১৫২ পৃ. :
_c২২ সেমি.
504 _aIncludes Bibliography Reference
650 _aBengali Literature
_xHistory & Culture
942 _2ddc
_cBK
_02